| 000 | 00538nam a22001697a 4500 | ||
|---|---|---|---|
| 003 | OSt | ||
| 005 | 20241017163603.0 | ||
| 008 | 241017b |||||||| |||| 00| 0 eng d | ||
| 040 | _c0 | ||
| 082 | _aDPer050 M72 January-March 2018 v. 66 no. 8-10 | ||
| 100 |
_aQuinsay, Rommel R. _eauthor. _963157 |
||
| 245 |
_aPagsaludo sa kababaihan / _cRommel R. Quinsay. |
||
| 260 |
_aManila, Philippines ; _bIn the Grade School, Inc, _cMarch 2018. |
||
| 300 | _aVolume 66,page 395. | ||
| 700 |
_aQuinsay, Rommel R. _eauthor. _960629 |
||
| 942 |
_2ddc _cPER |
||
| 999 |
_c22676 _d22676 |
||